[Event "RUS-chT Blitz Women 2018"]
[Site "Sochi"]
[Date "2018.10.10"]
[Round "7"]
[White "Girya, Olga"]
[Black "Vasilevich, Irina"]
[Result "1/2-1/2"]
[WhiteElo "2479"]
[BlackElo "2258"]
[Annotator "TA"]
[PlyCount "71"]
[EventDate "2018.10.10"]
[EventType "swiss"]
[EventCountry "RUS"]
[SourceTitle "playchess.com"]
[Source "ChessBase"]
[SourceQuality "1"]

{[%evp 17,71,14,43,24,22,29,50,37,33,38,48,44,56,50,59,53,66,0,0,0,0,0,0,0,0,-49,0,0,0,0,7,6,5,0,0,0,0,0,0,-58,0,0,0,0,0,0,0,0,0,0,0,0,0,0,0,0]} 1. d4 e6 2. c4 Bb4+ 3. Bd2 Qe7 4. g3 Nf6 5. Bg2 O-O 6. Nf3 Bxd2+ 7. Qxd2 d6 8. Nc3 e5 9. e3 {E11: Bogo-Indian} Nc6 {LiveBook: 4 Games} 10. Nd5 Qd8 11. O-O Bg4 $146 ({Predecessor:} 11... Re8 12. Qc3 Ne4 13. Qc2 exd4 14. exd4 {1-0 (66) Eljanov,P (2719)-Ivanchuk,V (2726) Lvov 2014}) 12. h3 Bxf3 13. Bxf3 exd4 14. exd4 Nxd5 15. Bxd5 Qf6 16. Rad1 Rae8 17. Qd3 (17. Kg2 $14) 17... Nb4 $11 18. Qf3 Nxd5 19. Qxd5 c6 20. Qa5 Re2 21. Rd2 Rxd2 22. Qxd2 $15 {[%mdl 4096] Endgame KQR-KQR} Re8 23. Re1 {[%cal Re1e8] [#]} Re7 (23... Rxe1+ {is interesting.} 24. Qxe1 g6 25. Qe3 Qf5 26. Qe7 Qb1+) 24. Rxe7 (24. Kg2 {feels hotter.} g6 25. Rxe7 Qxe7 26. b3 Kg7 27. g4) 24... Qxe7 $11 {KQ-KQ} 25. Qa5 h6 26. d5 c5 27. Qc3 Qe4 28. h4 (28. Qa5 $11) 28... a6 (28... Qb1+ $15 29. Kg2 Qxa2) 29. a3 {The position is equal.} b5 30. b3 bxc4 31. bxc4 Qb1+ 32. Kg2 Qe4+ 33. Kg1 Qb1+ 34. Kh2 Qe4 35. Qb3 Kh7 36. Kg1 {Precision: White = 65%, Black = 50%.} 1/2-1/2

[Event "RUS-chT Blitz Women 2018"]
[Site "Sochi"]
[Date "2018.10.10"]
[Round "7"]
[White "Bivol, Alina"]
[Black "Pogonina, Natalija"]
[Result "1-0"]
[WhiteElo "2403"]
[BlackElo "2485"]
[Annotator "TA"]
[PlyCount "137"]
[EventDate "2018.10.10"]
[EventType "swiss"]
[EventCountry "RUS"]
[SourceTitle "playchess.com"]
[Source "ChessBase"]
[SourceQuality "1"]

{[%evp 16,137,0,-14,24,21,16,0,24,0,0,0,0,0,23,20,27,16,23,11,10,19,23,0,75,37,41,45,102,67,77,72,94,89,81,82,163,70,148,141,143,124,171,140,172,145,191,163,175,164,171,169,181,166,201,201,229,232,234,234,229,229,230,134,229,231,231,235,237,214,306,293,309,234,308,308,272,258,358,325,356,354,841,418,924,871,797,774,766,467,667,497,661,580,1009,995,833,605,1004,783,775,775,706,605,1303,768,723,596,589,583,557,478,525,514,5570,3009,5708,5612,5152,4818,5631,5129,29981,29981]} 1. Nf3 d5 2. g3 Bg4 3. Bg2 c6 4. d3 Nd7 5. O-O Ngf6 {[%cal Bg8f6,Bf6d5,Bd5c3,Bc3b5,Bb5d4][%mdl 32]} 6. h3 Bxf3 {A07: Réti Opening: New York and Capablanca Systems} 7. Bxf3 e5 8. Bg2 (8. e4 Bd6 9. Nc3 dxe4 10. Nxe4 Nxe4 11. dxe4 Qe7 12. Qe2 O-O 13. h4 a5 14. a4 {½-½ (47) Tomashevsky,E (2713)-Romanov,E (2626) St Petersburg 2017}) 8... Bc5 9. c4 {LiveBook: 10 Games} O-O 10. cxd5 Nxd5 11. Nd2 $146 ({Predecessor:} 11. Nc3 N7f6 12. Nxd5 Nxd5 13. Qb3 Qd7 14. Bd2 a5 15. Rac1 a4 16. Qc4 Bd4 17. Qc2 h6 18. e3 Bb6 19. Qc4 Rfd8 20. Rfd1 {½-½ (20) Bivol,A (2375)-Nechaeva,M (2431) Sochi 2017}) 11... Re8 12. Kh2 Bf8 13. b3 Nc3 14. Qe1 Nb6 15. Bb2 Nb5 16. Nc4 Nd4 17. Rc1 (17. Qd2 {with more complications.} f6 18. e3 Ne6 19. Rfd1 Qd7 20. Qc2) 17... Nxc4 18. bxc4 Qb6 19. Bc3 a5 (19... Qc7 $11) 20. Rb1 $36 {[%mdl 2048] Black is under pressure.} Qc7 21. Qd2 a4 ({Black should play} 21... Ne6 $14) 22. Rfe1 h6 23. Qb2 Rab8 24. Bxd4 exd4 25. Qxd4 Bd6 (25... b5 $16) 26. Qg4 ({Better is} 26. c5 $18 Be7 27. Qc4) 26... Qe7 (26... Qa5 $14) 27. e3 Qf6 28. Re2 Qc3 29. Be4 Qf6 30. d4 a3 31. Qf5 Qxf5 32. Bxf5 g6 33. Bd3 b6 34. Rc2 Re7 35. c5 Bc7 36. cxb6 Rxb6 37. Rxb6 Bxb6 38. Rxc6 $18 {[%mdl 4096] Endgame KRB-KRB} Ba5 39. Bc4 (39. Kg2 $18) 39... Kg7 (39... Rc7 $16 40. Rxc7 (40. Rxg6+ Kf8 $18) 40... Bxc7) 40. Kg2 Rb7 41. Ra6 Bb4 42. e4 Bc3 (42... f5 $142 43. exf5 gxf5) 43. d5 {[%cal Bd4d5,Bd5d6,Bd6d7][%mdl 32]} ({Resist} 43. Rxa3 $6 Bxd4 44. Rd3 Bc5 $18) 43... Rb2 44. Rxa3 Bd4 45. Rf3 f6 46. d6 Bb6 47. d7 Bd8 48. e5 {[%cal Be4e5,Be5e6][%mdl 32]} f5 $2 {[#]} (48... Rd2 49. e6 Kf8) 49. Ra3 (49. g4 $142 Rb4 50. Rc3) 49... Rd2 (49... Kf8 $142 50. Ra8 Ke7) 50. e6 Kf6 51. Ra8 Ke7 52. Kf3 g5 (52... Rc2 $142 53. Bb3 Rb2) 53. a4 Rd4 54. Bb5 g4+ 55. hxg4 fxg4+ 56. Ke2 Rb4 57. Bd3 Rb2+ 58. Ke3 Ra2 59. Kf4 h5 60. Ke3 Ra3 61. Ke2 Ra2+ 62. Kf1 Ra1+ {[#]} 63. Kg2 $1 Ra2 64. Bg6 Ra3 (64... Re2 $142 65. Bxh5 Rxe6 66. Bxg4 Re5) 65. Bxh5 Ra2 66. Bxg4 Ra3 67. Bf3 Ra2 68. g4 {[%cal Bg3g4,Bg4g5][%mdl 32]} Ra3 69. g5 {Precision: White = 60%, Black = 28%.} 1-0

[Event "RUS-chT Blitz Women 2018"]
[Site "Sochi"]
[Date "2018.10.10"]
[Round "7"]
[White "Kovalevskaya, Ekaterina"]
[Black "Faizutdinova, Diana"]
[Result "1-0"]
[WhiteElo "2403"]
[BlackElo "2061"]
[Annotator "TA"]
[PlyCount "87"]
[EventDate "2018.10.10"]
[EventType "swiss"]
[EventCountry "RUS"]
[SourceTitle "playchess.com"]
[Source "ChessBase"]
[SourceQuality "1"]

{[%evp 20,87,10,10,25,8,36,18,21,-34,44,0,0,0,35,26,26,29,20,14,53,57,80,85,108,116,140,129,127,16,13,18,34,-60,0,6,107,111,500,257,261,256,231,234,29984,29985,29985,29985,29985,29986,29992,749,5206,759,29992,29993,29993,29993,29993,29992,29992,29993,29996,29993,29998,29999,29999,29998,29998,29999]} 1. Nf3 Nf6 2. g3 g6 3. Bg2 Bg7 4. O-O O-O 5. d4 c6 6. c4 d6 7. Nc3 Bf5 8. Nh4 Be6 9. d5 cxd5 10. cxd5 Bd7 11. e4 Na6 {E62: King's Indian: Fianchetto: 6...c6 and Panno Variation (6...Nc6) without ...a6} 12. Be3 Qa5 13. a3 Rfc8 {The position is equal.} 14. Rc1 (14. Nf3 $11) (14. Bd4 Qd8 15. Re1 Nc7 16. Qd3 e5 17. Be3 Qe8 18. Bf1 a5 19. b4 axb4 20. axb4 Rxa1 21. Rxa1 {½-½ (31) Alshameary Puente,I (2370)-Oliva Castaneda,K (2488) Linares 2015}) 14... Qd8 $146 (14... Ng4 $15 15. Bd4 Bxd4 16. Qxd4 Nc5) ({Predecessor:} 14... b5 15. Bd2 Rab8 16. Ne2 Qd8 17. b4 Ng4 18. Nf3 Bb2 19. Rxc8 Rxc8 {0-1 (41) Karaiskakis,P-Nadassy,A (2062) Budapest 2012}) 15. Re1 Ng4 16. Bd4 Ne5 17. f4 Nc4 18. Bxg7 Kxg7 19. Qd4+ Kg8 20. e5 Qb6 21. Qxb6 axb6 22. e6 fxe6 23. dxe6 Bc6 24. f5 ({Better is} 24. Nd5 $16 Bxd5 25. Bxd5) 24... Nxb2 $11 {[#] Strongly threatening ...Nd3.} 25. Nd5 $36 {[%mdl 2048] Black is under pressure.} Bxd5 $1 26. Bxd5 (26. Rxc8+ $14 Rxc8 27. Bxd5) 26... Rxc1 (26... Nc5 $1 $15 27. Rc3 Nbd3) 27. Rxc1 Nc5 (27... Nd3 $1 $11 {keeps the balance.} 28. Rc3 Ndc5) 28. fxg6 $16 {Black must now prevent Rf1.} Rxa3 $2 {[%mdl 8192]} (28... Nbd3 $16 29. gxh7+ Kxh7) 29. Nf5 {Rf1 is the strong threat.} hxg6 30. Nxe7+ Kg7 31. Rf1 {[%mdl 1024] White has strong compensation.} Re3 $2 {[#]} (31... Ra8 $18) 32. Rf7+ $1 Kh6 33. Ng8+ Kg5 34. e7 Nbd3 35. Nf6 (35. Bf3 $142 Rxf3 36. Rxf3 Kg4 37. Rf6 Ne6 38. e8=Q Ndf4 39. gxf4 Nxf4 40. Qe4 Kg5 41. Qxf4+ Kh5 42. Qh6+ Kg4 43. Rf4#) 35... Re1+ 36. Kg2 {Intending h4+ and mate.} Ne5 37. e8=Q {White mates.} Re2+ 38. Kf1 Rxh2 39. Ne4+ Nxe4 40. Bxe4 Ng4 41. Bf3 Rh6 42. Qe7+ Kh5 43. Rf4 {[%csl Gf4][%cal Rf3g4]} g5 44. Bxg4+ {Precision: White = 55%, Black = 29%.} 1-0

[Event "RUS-chT Blitz Women 2018"]
[Site "Sochi"]
[Date "2018.10.10"]
[Round "7"]
[White "Kovanova, Baira"]
[Black "Drozdova, Dina"]
[Result "1/2-1/2"]
[WhiteElo "2350"]
[BlackElo "2183"]
[Annotator "TA"]
[PlyCount "82"]
[EventDate "2018.10.10"]
[EventType "swiss"]
[EventCountry "RUS"]
[SourceTitle "playchess.com"]
[Source "ChessBase"]
[SourceQuality "1"]

{[%evp 11,82,16,25,8,20,-10,0,0,0,-2,21,19,18,24,18,-16,-19,-22,-33,-36,-37,-38,33,-35,102,101,110,51,104,94,149,118,159,181,229,213,238,70,64,85,153,26,78,69,65,-26,-12,-50,-47,-71,-43,-139,-85,-182,-168,-146,-74,-75,-39,-81,-26,-35,0,0,0,0,17,12,31,12,28,0,32]} 1. Nf3 Nf6 2. g3 b6 3. Bg2 Bb7 4. d3 c5 5. e4 d6 6. O-O e6 7. c3 {A05: Réti Opening: 1 Nf3 Nf6} (7. Re1 Be7 8. Nbd2 O-O 9. c3 Nc6 10. a3 Rc8 11. d4 cxd4 12. cxd4 b5 13. e5 Nd5 14. Ne4 b4 15. Qd3 dxe5 16. dxe5 Nb6 17. Nd6 Rc7 {0-1 (37) Amin,B (2689)-Vachier Lagrave,M (2789) Riadh 2017}) 7... Be7 8. Nh4 $146 ({Predecessor:} 8. Re1 O-O 9. Nbd2 Nc6 10. d4 cxd4 11. cxd4 Rc8 12. a3 b5 13. b3 Qb6 14. Bb2 d5 15. e5 Nd7 16. Nf1 b4 17. a4 Na5 {0-1 (54) Rodriguez Vila,A (2523)-Granda Zuniga,J (2601) Buenos Aires 2005}) 8... Qc7 9. f4 Nc6 10. Be3 b5 11. Nd2 a5 12. a4 b4 13. c4 Nd7 14. Nhf3 Bf6 15. Qc2 h6 16. Nb3 Be7 ({Black should try} 16... e5 $15) 17. Kh1 (17. d4 $14) 17... O-O-O (17... e5 $15) 18. d4 $16 Kb8 19. Rfd1 (19. d5 $16) 19... Na7 ({Better is} 19... e5 $14) 20. Rd2 Nf6 (20... g5 $142) 21. d5 exd5 22. cxd5 ({Much less strong is} 22. exd5 $6 Bc8 $14) 22... Ng4 {[#]} 23. Bg1 $1 g5 24. f5 $2 (24. e5 $18) 24... Bf6 $14 25. Rc1 Nc8 ({Black should play} 25... Ne5) 26. Nbd4 (26. Qd1 $16) 26... Ne5 (26... h5 $11 {keeps the balance.}) 27. Nxe5 $16 Bxe5 28. Nb5 (28. Nf3 $14 Bg7 29. Bd4 Bxd4 30. Nxd4) 28... Qb6 29. Qc4 f6 30. Re1 h5 31. Qd3 (31. Bf1 $15) 31... Ba6 $17 32. Qf3 (32. Qc2 $17) 32... h4 33. g4 h3 (33... Bxb5 $142 34. axb5 Na7) 34. Bf1 Rh7 35. Rc2 {[#]} Rdh8 (35... Na7 $1 $17 {[%cal Ra7b5]} 36. Nxa7 Kxa7) 36. Rec1 Bxb5 37. Bxb5 Na7 38. Bf1 Rc8 39. Qd3 Kb7 40. Rd1 Rch8 41. Rdc1 Rc8 {Precision: White = 20%, Black = 35%.} 1/2-1/2

[Event "RUS-chT Blitz Women 2018"]
[Site "Sochi"]
[Date "2018.10.10"]
[Round "7"]
[White "Dordzhieva, Dinara"]
[Black "Maletina, Tatiana"]
[Result "1-0"]
[WhiteElo "2340"]
[BlackElo "2270"]
[Annotator "TA"]
[PlyCount "94"]
[EventDate "2018.10.10"]
[EventType "swiss"]
[EventCountry "RUS"]
[SourceTitle "playchess.com"]
[Source "ChessBase"]
[SourceQuality "1"]

{[%evp 21,94,0,26,-11,0,-2,39,37,132,127,129,125,177,170,245,175,396,292,424,271,254,135,134,129,127,103,131,85,102,67,87,64,69,66,90,71,96,74,250,95,334,265,407,126,179,112,219,208,254,228,343,95,106,100,193,193,193,193,198,194,176,0,134,120,141,30,33,-200,-179,-179,-191,-5197,-2528,-1678,-1103]} 1. Nf3 d5 2. g3 Bg4 3. Bg2 Nd7 4. h3 Bh5 5. b3 c6 6. Bb2 Ngf6 7. O-O e6 8. d3 Be7 9. c4 O-O 10. Nbd2 Re8 {A12: English Opening: 1...c6 with b3 by White} 11. Qc2 Bf8 {LiveBook: 3 Games} 12. e4 $146 {And now e5 would win.} ({Predecessor:} 12. g4 Bg6 13. Nh4 e5 14. Nxg6 hxg6 {0-1 (40) Gausel,E (2580)-Astrom,R (2499) Sweden 2005}) 12... dxe4 {The position is equal.} 13. dxe4 Bg6 14. Nh4 Qb6 ({Black should try} 14... e5 $14) 15. Nxg6 $16 hxg6 16. e5 Nh5 (16... Nh7 $16 17. Ne4 Nc5) 17. Ne4 $18 Be7 (17... Rad8 $142 18. Rad1 Qa5) 18. Kh2 g5 $2 (18... Qc7 {might work better.}) 19. Rad1 (19. Qd1 g6 $18) 19... Rad8 (19... Nc5 $142 20. Bd4 g6) 20. Nd6 Bxd6 21. exd6 ({White must play} 21. Rxd6 $18 {Hoping for Bf3.} Nf8 22. c5) 21... Nhf6 $16 22. Qd2 Qc5 23. Bd4 Qf5 24. Rfe1 a6 25. Qe3 e5 26. Bb2 g4 27. h4 Re6 28. Rd2 Rde8 29. b4 Nh5 $2 (29... e4 $16) 30. c5 $2 (30. Qa7 $18 {has better winning chances.}) 30... Nf4 $2 (30... Nhf6 $16) 31. Be4 Qh5 (31... Qf6 {was called for.} 32. a3 (32. gxf4 exf4 33. Bxf6 fxe3 $14) 32... g5) 32. Qc3 $2 (32. gxf4 $18 exf4 33. Qxf4) 32... Ng6 (32... Nh3 $16 {keeps fighting.}) 33. Kg1 (33. Bc2 $18) 33... Nf6 (33... f5 $16) 34. Bc2 $18 Nd5 35. Qb3 {Black must now prevent Rxd5.} e4 {[#]} (35... Nf6 $142 36. Rde2 Ra8) 36. d7 $2 (36. Rxe4 $1 $18 {is the precise move to win.} Kf8 37. Rde2) 36... Rd8 $16 37. Rxe4 Rxd7 (37... Rxe4 $16 {was worth a try.} 38. Bxe4 Rxd7) 38. Rxe6 $18 fxe6 39. Qc4 Ne5 40. Bxe5 $1 Qxe5 {[#]} 41. Rd1 $2 (41. Re2 $1 $18 {[%cal Re2e5]} Qf6 42. Qxg4) 41... Rf7 (41... Ne3 $11 {remains equal.} 42. Qe2 (42. fxe3 Qxg3+ 43. Kf1 Qh3+ 44. Ke1 Qxh4+ 45. Ke2 Qh2+ 46. Ke1 Qg1+ 47. Ke2 Qg2+ 48. Ke1 Qg3+ 49. Ke2 Qf3+ 50. Ke1 Qxe3+ 51. Qe2 Qc3+ 52. Rd2 Kf8 $11) 42... Nxc2 43. Qxc2 (43. Qxe5 Rxd1+ 44. Kh2 Nd4 $11) 43... Rd5) 42. Qxg4 $16 Rf6 43. Be4 (43. Bb3 $16) 43... Qb2 $11 44. Bxd5 $2 (44. Bf3 $14 {stays ahead.}) 44... Qxf2+ $19 45. Kh1 cxd5 46. Qh5 $2 (46. Rg1) 46... Qxg3 47. Qe8+ Rf8 {[%mdl 32768] Precision: White = 35%, Black = 26%. . Loss on Time!?} 1-0

[Event "RUS-chT Blitz Women 2018"]
[Site "Sochi"]
[Date "2018.10.10"]
[Round "7"]
[White "Maltsevskaya, Aleksandra"]
[Black "Guseva, Marina"]
[Result "0-1"]
[WhiteElo "2290"]
[BlackElo "2292"]
[Annotator "TA"]
[PlyCount "110"]
[EventDate "2018.10.10"]
[EventType "swiss"]
[EventCountry "RUS"]
[SourceTitle "playchess.com"]
[Source "ChessBase"]
[SourceQuality "1"]

{[%evp 21,110,18,36,0,0,-14,-16,-17,-20,-7,-14,-55,-39,-18,-7,-16,0,0,0,-9,14,18,18,17,22,20,23,3,14,7,260,252,252,244,458,446,494,510,507,497,460,414,372,354,341,135,125,-223,-223,-223,-223,-223,-223,-223,-223,-223,-223,-261,-261,-254,-254,-252,-239,-434,-410,-1565,-1538,-1817,-3735,-2059,-1578,-1807,-1677,-1381,-1106,-1693,-1590,-1979,-2129,-12835,-11519,-12842,-12842,-12843,-12843,-12843,-12844,-12844,-12844,-12845,-12845]} 1. c4 c6 2. e4 d5 3. exd5 cxd5 4. cxd5 Nf6 5. Nc3 Nxd5 6. d4 e6 7. Nf3 Bb4 8. Bd2 Nc6 9. a3 Be7 10. Bd3 O-O 11. O-O h6 {LiveBook: 3 Games. B14: Caro-Kann: Panov-Botvinnik Attack with 5...e6 and 5...g6} (11... Bf6 12. Be3 Nxc3 13. bxc3 b6 14. Qc2 g6 15. Be4 Bb7 16. Rad1 Na5 17. Bxb7 Nxb7 18. c4 Rc8 19. Qe2 Na5 20. d5 Qd7 21. Bd4 Bxd4 22. Rxd4 exd5 23. cxd5 {½-½ (56) Vitiugov,N (2734)-Hou,Y (2658) Belokurikha 2018}) 12. b4 $146 ({Predecessor:} 12. Qe2 Nf6 13. Be3 Re8 14. Rac1 Bd7 15. Rfe1 a6 16. h3 Bd6 17. Ne4 Nxe4 18. Bxe4 Rc8 {½-½ (35) Arakeljan,A (2307)-Tishin,P (2401) Tula 2015}) 12... Bf6 13. Ne2 {[%cal Bc3e2,Be2g3,Bg3f5][%mdl 32]} e5 {The position is equal.} 14. dxe5 Nxe5 15. Nxe5 Bxe5 16. Rb1 Be6 {[%cal Bc8e6,Be6d5,Bd5f3][%mdl 32]} 17. Ng3 Qh4 18. Re1 Bd6 19. Qf3 Rad8 20. h3 Nf6 {aiming for ...Bxg3.} 21. Be3 Bd5 22. Nf5 Bxf3 23. Nxh4 Bc6 24. Be2 Be5 25. Bxa7 Rd2 $2 {[%mdl 8192] [#]} (25... Bc3 $11 {and Black stays safe.}) 26. Nf3 $18 Bxf3 27. Bxf3 Bb2 $2 (27... Ra8 28. Rxe5 Rxa7) 28. Be3 Rc2 29. Bd1 Rfc8 30. Bxc2 Rxc2 31. a4 Nd5 32. b5 Nc3 33. Rxb2 $2 {[#]} (33. a5 $18 {is more deadly.}) 33... Rxb2 {[%mdl 4096] Endgame KRB-KRN} 34. Bd4 $2 {[%mdl 8192]} (34. Ra1 $16 {is necessary to keep the advantage.}) 34... Ne2+ $19 35. Rxe2 Rxe2 {KR-KB} 36. a5 Ra2 37. Bc3 Ra3 38. Be1 Rb3 39. b6 f5 40. Kf1 Rb2 41. Bc3 Rc2 42. a6 $2 (42. Be1) 42... bxa6 43. Ba5 ({But not} 43. b7 Rc1+ 44. Ke2 Rb1 $19) (43. Be5 $142 Rc1+ 44. Ke2) 43... Rb2 {Black is clearly winning.} 44. Bc3 Rxb6 45. Ke2 Rb5 46. Kd3 Kf7 47. Kc4 Rb1 48. Bd4 g5 49. g3 h5 50. Be3 Kg6 51. h4 gxh4 52. gxh4 a5 {[%cal Ba6a5,Ba5a4][%mdl 32]} 53. Kc3 a4 54. Kc2 Rb4 55. Kc3 Rxh4 {Precision: White = 36%, Black = 63%.} 0-1

[Event "RUS-chT Blitz Women 2018"]
[Site "Sochi"]
[Date "2018.10.10"]
[Round "7"]
[White "Potapova, Margarita"]
[Black "Shuvalova, Polina"]
[Result "1-0"]
[WhiteElo "2284"]
[BlackElo "2421"]
[Annotator "TA"]
[PlyCount "83"]
[EventDate "2018.10.10"]
[EventType "swiss"]
[EventCountry "RUS"]
[SourceTitle "playchess.com"]
[Source "ChessBase"]
[SourceQuality "1"]

{[%evp 30,83,0,0,-3,-12,-11,-20,0,0,0,-20,0,0,0,-10,0,0,0,-37,-28,-52,0,-44,64,70,397,399,394,333,290,0,0,-272,-266,-546,-383,-735,-748,-1099,-1114,-29981,-29982,-29977,-29977,-5393,-791,-1405,-1378,-1208,-220,-209,665,670,29988,906]} 1. d4 Nf6 2. c4 e6 3. Nf3 d5 4. Nc3 c5 5. cxd5 Nxd5 6. e4 Nxc3 7. bxc3 cxd4 8. cxd4 Bb4+ 9. Bd2 Bxd2+ 10. Qxd2 O-O 11. Bc4 b6 12. O-O Nd7 13. Rad1 Bb7 14. Rfe1 Rc8 {D41: Queen's Gambit Declined: Semi-Tarrasch with 5 cxd5} 15. Bb3 Re8 16. Qf4 {[#] LiveBook: 5 Games} (16. h4 h6 17. Qf4 Qc7 18. Qxc7 Rxc7 19. d5 Nc5 20. d6 Rd7 21. Bc4 Red8 22. e5 Bxf3 23. gxf3 {1-0 (35) Vachier Lagrave,M (2779)-Dominguez Perez,L (2739) chess.com INT 2018}) 16... Qc7 $146 {The position is equal.} ({Predecessor:} 16... Qf6 17. Qg4 Red8 18. d5 exd5 19. e5 Qg6 20. Qf4 Nf8 21. Nh4 Qh5 22. Qg3 d4 23. f4 Bd5 24. Rxd4 Bxb3 25. Rxd8 Rxd8 26. axb3 {½-½ (26) Nikolic,P (2620)-Lenic,L (2634) Germany 2014}) 17. Qg5 h6 18. Qh4 Qd8 19. Qf4 Qc7 20. Qh4 Qd8 21. Qf4 a6 22. Rc1 Nf6 23. Rxc8 Qxc8 24. h3 b5 25. Rc1 {[%cal Be1c1,Bc1c7,Bc7f7][%mdl 32]} Qa8 (25... Qd8 $15) 26. Rc7 Bxe4 (26... Rc8 $15) 27. Ne5 $1 $14 {[%cal Re5f7]} Bxg2 $2 {[%mdl 8192]} ({Black should play} 27... Bg6 $1 $14) 28. Rxf7 $18 ({Less strong is} 28. Qg3 Rc8 $16) 28... Bxh3 {[%csl Gh3][%cal Ra8g2] [#]} 29. Qg3 $1 {[%csl Gf7,LRf6,LRg7,LRh3][%cal Rg3g7]} Ng4 {Threatens to win with ...Rc8.} 30. Nxg4 $2 ({White should try} 30. f3 $18 Rc8 31. Qxh3 (31. fxg4 Rc1+ 32. Kf2 Qe4 $15) 31... Rc1+ 32. Kg2 Nxe5 33. dxe5) 30... Bxg4 $40 {[%mdl 128] Black has some attack.} 31. Rd7 $2 {[%mdl 8192]} (31. Qc7 $11 {and White is okay.} Qe4 32. Rxg7+ Kh8 33. Bc2 Qe1+ 34. Kg2 Bf3+ 35. Kxf3 Rf8+ 36. Rf7 Rxf7+ 37. Qxf7 Qc3+ 38. Kg2 Qxc2 39. Qxe6) 31... Qe4 $19 {[#]} 32. Qc7 $2 (32. Bd1 $1 {[%mdl 512] was necessary.} Qe1+ (32... Bxd1 33. Qxg7#) 33. Kh2) 32... Qg6 33. Kf1 $2 (33. Kh2) 33... Rf8 {( -> ...Qb1+)} 34. Bc2 Bh3+ 35. Ke1 Qg1+ 36. Kd2 Rxf2+ 37. Kc3 Qa1+ 38. Kb3 Rf3+ 39. Kb4 Qb2+ $2 (39... Qe1+ 40. Kc5 Rc3+ 41. Kb6 Rxc7 42. Rxc7 Qd2 43. Kxa6 Qxd4 44. Rc8+ Kf7) 40. Ka5 Qa3+ $4 {[%mdl 8192]} ({Avoid the trap} 40... Qxa2+ $2 41. Kb6 $18) (40... Qc3+ $19 41. Kxa6 Qxc7 42. Rxc7 Ra3+ 43. Kxb5 Rxa2) 41. Kb6 $18 Rg3 {intending ...Bf5.} 42. Rd8+ {Precision: White = 38%, Black = 26%.} 1-0

[Event "RUS-chT Blitz Women 2018"]
[Site "Sochi"]
[Date "2018.10.10"]
[Round "7"]
[White "Solozhenkina, Elizaveta"]
[Black "Voit, Daria"]
[Result "0-1"]
[WhiteElo "2276"]
[BlackElo "2352"]
[Annotator "TA"]
[PlyCount "114"]
[EventDate "2018.10.10"]
[EventType "swiss"]
[EventCountry "RUS"]
[SourceTitle "playchess.com"]
[Source "ChessBase"]
[SourceQuality "1"]

{[%evp 17,114,27,50,32,44,49,60,54,88,65,78,65,68,70,72,57,63,16,33,9,26,28,70,32,82,86,158,152,424,431,390,162,183,158,159,147,155,152,147,137,150,146,146,146,152,143,151,121,132,135,162,145,147,146,137,138,133,84,85,33,28,0,106,0,143,139,136,141,146,146,150,-361,-361,-359,-343,-426,-416,-428,-428,-422,-429,-429,-429,-826,-614,-631,-660,-660,-652,-825,-825,-812,-788,-793,-744,-1386,-1377,-1896,-411]} 1. d4 Nf6 2. Nf3 e6 3. c4 Bb4+ 4. Bd2 c5 5. Bxb4 cxb4 6. g3 O-O 7. Bg2 d6 8. Nbd2 Qc7 9. O-O e5 {LiveBook: 8 Partien. E11: Damenindisch (Bogoljubow-Variante)} 10. e3 (10. a3 bxa3 11. Rxa3 Re8 12. e3 Bg4 13. Qb1 Nc6 14. Rc1 Bxf3 15. Nxf3 Qb6 16. b4 exd4 17. b5 dxe3 18. bxc6 exf2+ {½-½ (30) Cioara,A (2455)-Nikolic,P (2620) Germany 2014}) 10... Bg4 $146 ({Vorgänger:} 10... Nc6 11. d5 Nb8 12. a3 Na6 13. Ne1 Bg4 14. f3 Bh5 15. Qb3 bxa3 16. Qxa3 Qb6 17. Rf2 {½-½ (53) Gerusel,M (2178)-Riedel,H (2121) Germany 2012}) 11. h3 Bxf3 {Weiß steht etwas besser.} 12. Nxf3 a5 13. Rc1 Nc6 14. Qa4 Rac8 15. Rfd1 b6 16. Qc2 Rfd8 17. Rd2 h6 18. b3 Nb8 19. Qf5 {[%cal Rd4e5]} Qd7 20. Qxd7 Nbxd7 21. dxe5 dxe5 (21... Ne4 $142) 22. Rcd1 $16 Kf8 $2 {[#]} (22... Rc5 $16 {ist wohl besser.} 23. Rd6 Kf8) 23. Nxe5 $1 $18 {[%mdl 512]} Rc7 (23... Nxe5 24. Rxd8+) 24. Nc6 (24. Kf1 $142) 24... Rdc8 25. Nd4 {Und Sb5 würde nun gewinnen.} Nc5 26. Nb5 Re7 27. Rd6 Rb8 28. Rd8+ Re8 29. Rxe8+ Kxe8 30. Bc6+ Ke7 31. Nd4 g6 32. Bf3 Rc8 33. Nc6+ Ke6 34. Na7 Rc7 35. Nb5 Rd7 36. Nd4+ Ke7 37. Nc6+ Ke6 38. Nd8+ (38. Bg4+ $16 Nxg4 39. Nd4+ Ke7 40. hxg4) 38... Ke7 $14 {[#] Droht stark ...Txd1+.} 39. Nc6+ (39. Rxd7+ $11 Nfxd7 40. Nc6+ Kf6 41. Nd4) 39... Ke6 $1 $16 40. Nd4+ Ke7 $1 41. Bc6 Rd6 42. f3 h5 43. Kf2 Ne6 {zielt auf ...Sxd4 ab.} 44. Ke2 $2 (44. Ba4 $16 {und es läuft. Schwarz muss nun Sc6+ beachten.} Ne8 45. g4) 44... Nxd4+ $19 45. exd4 {Und weiter mit d5 wäre nett.} Rxc6 {[%mdl 4096] Endspiel KTS-KT} 46. d5 Rc8 47. Ke3 Kd6 {Schwarz steht klar auf Gewinn.} 48. Kf4 Re8 49. Rd2 Re5 {[%csl Ge5][%cal Rg6g5]} 50. g4 (50. h4 $142) 50... g5+ 51. Kg3 h4+ 52. Kf2 Nd7 53. f4 gxf4 54. Kf3 Re3+ 55. Kxf4 Rxh3 56. g5 Ne5 57. Re2 Rf3+ {Precision: Weiß = 45%, Schwarz = 56%.} (57... Rh1 $142 58. Re3 h3) 0-1